000 00585cam a22002057a 4500
001 000260
003 armpunfd
005 20140612090604.0
008 011019e1985####xx#a##########000#0#und#d
040 _aarmpunfd
_carmpunfd
080 _a347.23.83 G 182
100 1 0 _a Garibotto, Rosa Ana
245 1 0 _aPropiedad horizontal : guia practica juridica
260 _a Buenos Aires
_b Abeledo- Perrot
_cIMPR. DE 1985
300 _a209 p.
650 7 _a Propiedad Horizontal
_x Argentina
_2LEMB
700 1 0 _aDibar, Alberto Ramon
942 _cLB
_2cdu
945 _aCatalis
_d2010-08-19
999 _c258
_d230762